FORENSIC MEDICINE AND TOXICOLOGY (Record no. 32401)

MARC details
000 -LEADER
fixed length control field 00352nam a22001457a 4500
003 - CONTROL NUMBER IDENTIFIER
control field SGT
020 ## - INTERNATIONAL STANDARD BOOK NUMBER
International Standard Book Number 978-81-312-5046-4
082 ## - DEWEY DECIMAL CLASSIFICATION NUMBER
Classification number 614
Item number BAK
100 ## - MAIN ENTRY--PERSONAL NAME
Personal name BAKKANNAVAR, S.M.
245 ## - TITLE STATEMENT
Title FORENSIC MEDICINE AND TOXICOLOGY
260 ## - PUBLICATION, DISTRIBUTION, ETC. (IMPRINT)
Place of publication, distribution, etc INDIA
Name of publisher, distributor, etc ELSEVIER PUB.
Year of Publication 2018
300 ## - PAGE DESCRIPTION
No. of Pages 247
650 ## - SUBJECT ADDED ENTRY--TOPICAL TERM
Topical term or geographic name as entry element FORENSIC MEDICINE AND TOXICOLOGY
942 ## - ADDED ENTRY ELEMENTS (KOHA)
Source of classification or shelving scheme Dewey Decimal Classification
Koha item type Books
Holdings
Withdrawn status Lost status Source of classification or shelving scheme Damaged status Not for loan Collection code Home library Current library Shelving location Date acquired SGTU Total Checkouts Full call number Accession No. (Barcode) Date last seen Bill Date Koha item type
    Dewey Decimal Classification     SCIENCE SGT Science & Social Sciences Library SGT Science & Social Sciences Library Text Book 25/08/2025 SGTU   614 BAK DP94 25/08/2025 25/08/2025 Books